000 00464nmm a2200169Ia 4500
008 251105s9999||||xx |||||||||||||||||und||
020 _a9788496049277
041 _aspa
100 _aNavales, Ana MarÍa
245 0 _aCuentos de Bloomsbury
264 _a[Madrid, España] :
_bCalambur,
_c2003
300 _a200 páginas
490 _aCalambur Narrativa
650 _aSpanish narrative
856 _uhttps://public.digitaliapublishing.com/a/883
942 _cCF
999 _c89692
_d89692